ՀՀ Գիտությունների ազգային ակադեմիայի հիմնարար գիտական գրադարան  =   Fundamental Scientific Library of NAS RA

Հայոց եկեղեցին և նրա պատմությունը, վարդապետությունը, վարչությունը, ներքին կարգը, արարողությունը, գրականությունը ու ներկա կացությունը / (Record no. 377068)

MARC details
000 -LEADER
fixed length control field 02093nam a2200301 a 4500
001 - CONTROL NUMBER
control field 001184101
003 - CONTROL NUMBER IDENTIFIER
control field AM-YeHGA
005 - DATE AND TIME OF LATEST TRANSACTION
control field 20250618074616.0
008 - FIXED-LENGTH DATA ELEMENTS--GENERAL INFORMATION
fixed length control field 161103s2016 ai ao||gr|||||001|0|arm||
020 ## - INTERNATIONAL STANDARD BOOK NUMBER
International Standard Book Number 9789939850221
040 ## - CATALOGING SOURCE
Original cataloging agency AM-YeHGA
041 0# - LANGUAGE CODE
Language code of text/sound track or separate title arm
090 ## - LOCALLY ASSIGNED LC-TYPE CALL NUMBER (OCLC); LOCAL CALL NUMBER (RLIN)
-- 378978
100 1# - MAIN ENTRY--PERSONAL NAME
Personal name Օրմանյան, Մաղաքիա
Titles and words associated with a name արքեպիսկոպոս,
Dates associated with a name 1841-1918
9 (RLIN) 1548
245 10 - TITLE STATEMENT
Title Հայոց եկեղեցին և նրա պատմությունը, վարդապետությունը, վարչությունը, ներքին կարգը, արարողությունը, գրականությունը ու ներկա կացությունը /
Statement of responsibility, etc. Մաղաքիա Արք. Օրմանյան ; Խմբագիր՝ Խ. Գրիգորյան, Զ. Գրիգորյան ; Փոխադրող՝ Թ. Վարդանյան.
260 ## - PUBLICATION, DISTRIBUTION, ETC.
Place of publication, distribution, etc. Երևան :
Name of publisher, distributor, etc. Անկյունաքար,
Date of publication, distribution, etc. 2016.
300 ## - PHYSICAL DESCRIPTION
Extent 305 էջ :
Other physical details [10] ներդիր թերթ նկար, լուսանկար ;
Dimensions 21 սմ.
500 ## - GENERAL NOTE
General note Փոխադրություն արևմտահայերենից արևելահայերենի:
500 ## - GENERAL NOTE
General note Տիտղոսաթերթից առաջ՝ 1911 թ. հրատարակության տիտղոսաթերթը:
504 ## - BIBLIOGRAPHY, ETC. NOTE
Bibliography, etc. note Տողատակում՝ մատենագիտական ծանոթագրություններ:
504 ## - BIBLIOGRAPHY, ETC. NOTE
Bibliography, etc. note Մատենագիտություն՝ էջ 309-310:
525 ## - SUPPLEMENT NOTE
Supplement note Հավելված՝ էջ 270-305:
534 ## - ORIGINAL VERSION NOTE
Introductory phrase Բնօրինակ՝
-- Հայոց եկեղեցին եւ իր պատմութիւնը, վարդապետութիւնը, վարչութիւնը, բարեկարգութիւնը, արարողութիւնը, գրականութիւնը, ու ներկայ կացութիւնը
Main entry of original Օրմնեան, Մաղաքիա արքեպիսկոպոս
Publication, distribution, etc. of original Կոստանդնուպոլիս: Վ. եւ Հ. Տէր-Ներսէսեան, 1911.
610 24 - SUBJECT ADDED ENTRY--CORPORATE NAME
Corporate name or jurisdiction name as entry element Հայ յեղափոխական դաշնակցութիւն
General subdivision Պատմություն
700 1# - ADDED ENTRY--PERSONAL NAME
Personal name Գրիգորյան, Խաչիկ
Relator term խմբագիր
Relationship edt
700 1# - ADDED ENTRY--PERSONAL NAME
Personal name Գրիգորյան, Զ.
Relator term խմբագիր
Relationship edt
700 1# - ADDED ENTRY--PERSONAL NAME
Personal name Վարդանյան, Թ.
Relator term փոխադրող
Relationship trl
Holdings
Withdrawn status Lost status Damaged status Not for loan Collection Home library Current library Date acquired Cost, normal purchase price Shelving control number Total checkouts Full call number Barcode Date last seen Price effective from Koha item type Public note Source of classification or shelving scheme
        General Fundamental Scientific Library Fundamental Scientific Library 11/01/2017 3600.00     AII/101911 FL0434615 11/01/2017 11/01/2017 Գրքեր / Books 30 Days Loan  
        General Fundamental Scientific Library Fundamental Scientific Library 11/01/2017 2500.00     AII/102049 FL0440417 11/01/2017 11/01/2017 Գրքեր / Books 30 Days Loan  
        General Fundamental Scientific Library Fundamental Scientific Library 22/05/2019       AII/104790 FL0579548 22/05/2019 22/05/2019 Գրքեր / Books 30 Days Loan Universal Decimal Classification


ՀՀ ԳԱԱ հիմնարար գիտական գրադարան
ՀՀ,Երևան 0019
Մարշալ Բաղրամյան 24/6
հեռախոս:(374-10) 52-47-50
Հետադարձ կապ

All site content, except where otherwise noted, is licensed under a
Creative Commons License